Tektonische Platten Karten Quiz - Statistiken

Allgemein
  • Dieses Quiz wurde 21.928 mal gespielt
  • Das Durchschnittsergebnis liegt bei 11 aus 15
Antworten auf der Karte
Die Antworten werden auf der Karte rot bzw. grün angezeigt, abhängig davon wie oft sie richtig erraten wurden.
 
Antwortstatistiken
Antwort % Korrekt
Afrikanische
93%
Antarktische
93%
Eurasische
93%
Australische
91%
Indische
91%
Arabische
90%
Nordamerikanische
86%
Pazifische
86%
Südamerikanische
86%
Karibische
82%
Philippinische
81%
Nazca
37%
Scotia
32%
Juan de Fuca
31%
Cocos
30%
Keine übereinstimmenden Quizze gefunden
Verteilung der Resultate
Anzahl Personen mit jedem Resultat
Perzentil nach korrekt beantworteten Fragen
Ihre Resultats-Entwicklung
Sie haben dieses Quiz noch nicht gespielt